Virual Insrumenation using LabVIWE (Record no. 189278)
[ view plain ]
| 000 -LEADER | |
|---|---|
| fixed length control field | 01138 a2200193 4500 |
| 003 - CONTROL NUMBER IDENTIFIER | |
| control field | Nust |
| 005 - DATE AND TIME OF LATEST TRANSACTION | |
| control field | 20221018141212.0 |
| 020 ## - INTERNATIONAL STANDARD BOOK NUMBER | |
| International Standard Book Number | 0070700281 |
| 040 ## - CATALOGING SOURCE | |
| Transcribing agency | Nust |
| 082 ## - DEWEY DECIMAL CLASSIFICATION NUMBER | |
| Classification number | 610.280113,GUP |
| 100 ## - MAIN ENTRY--PERSONAL NAME | |
| Personal name | Gupta, Sanjay |
| 9 (RLIN) | 100617 |
| 245 ## - TITLE STATEMENT | |
| Title | Virual Insrumenation using LabVIWE |
| Remainder of title | Principles and practices of graphical programming |
| Statement of responsibility, etc. | Sanjay Gupta & Joseph John |
| 250 ## - EDITION STATEMENT | |
| Edition statement | 2nd ed |
| 260 ## - PUBLICATION, DISTRIBUTION, ETC. | |
| Place of publication, distribution, etc. | Tata McGraw Hill Education Privete Limited |
| Name of publisher, distributor, etc. | New Delhi |
| Date of publication, distribution, etc. | 2010 |
| 300 ## - PHYSICAL DESCRIPTION | |
| Extent | xx, 220 p |
| 505 ## - FORMATTED CONTENTS NOTE | |
| Formatted contents note | Introduction to Virtual Instrumentation (Page-1), Basics of LabVIEW (Page-15), For & While Loops (Page-24), Other Structures (Page-36), Arrays and Clusters (Page-42), Graphs and Charts (Page-53), State Machines (Page-63), File Input/Output (Page-69), String Handling (Page-82), Basics of Data Acquisition (Page-94), Data Acquisition with LabVIEW DAQmx & DAQ VIs (Page-107), Interfacing with Assistants (Page-132), Interfacing Instruments: GPIB and RS232 (Page-141), Advanced Topics in LabVIEW (Page-162), Distributed Systems (Page-177), The VI Lab (Page-185), LabVIEW Resources (Page-204). |
| 650 ## - SUBJECT ADDED ENTRY--TOPICAL TERM | |
| Topical term or geographic name entry element | Labview |
| 9 (RLIN) | 100618 |
| 942 ## - ADDED ENTRY ELEMENTS (KOHA) | |
| Source of classification or shelving scheme | |
| Koha item type | Book |
| Withdrawn status | Lost status | Source of classification or shelving scheme | Damaged status | Not for loan | Permanent Location | Current Location | Shelving location | Date acquired | Full call number | Barcode | Date last seen | Price effective from | Koha item type | Public note |
|---|---|---|---|---|---|---|---|---|---|---|---|---|---|---|
| Military College of Signals (MCS) | Military College of Signals (MCS) | General Stacks | 12/12/2016 | 610.280113,GUP | MCS35069 | 12/08/2016 | 12/12/2016 | Book | Almirah No.26, Shelf No.3 |
